Statistics for Governors Who Ran For President

Click here to take the quiz!

General Stats

  • This quiz has been taken 12,580 times
    (6,948 since last reset)
  • The average score is 8 of 13

Answer Stats

Year(s) State Governor % Correct
2000, 2004TexasGeorge W. Bush
94%
1992, 1996ArkansasBill Clinton
94%
1968, 1976, 1980, 1984CaliforniaRonald Reagan
89%
2008MassachusettsMitt Romney
81%
1976, 1980GeorgiaJimmy Carter
79%
2016OhioJohn Kasich
66%
2008ArkansasMike Huckabee
53%
1988MassachusettsMichael Dukakis
50%
1968, 1972, 1976AlabamaGeorge Wallace
50%
1976, 1992CaliforniaJerry Brown
41%
2004VermontHoward Dean
33%
1968New YorkNelson Rockefeller
30%
1996TennesseeLamar Alexander
16%

Score Distribution

Percentile by Number Answered

Percent of People with Each Score

Your Score History

You have not taken this quiz since the last reset